U.S. States By Margin in the 2012 Presidential Election - Statistics

General Stats
  • This quiz has been taken 22 times
  • The average score is 33 of 51
Answer Stats
% Answer % Correct
83.63 District of Columbia
100%
42.71 Hawaii
92%
28.18 New York
83%
27.46 Rhode Island
83%
35.60 Vermont
83%
23.12 California
75%
5.36 Colorado
75%
18.63 Delaware
75%
0.88 Florida
75%
−7.82 Georgia
75%
5.81 Iowa
75%
26.07 Maryland
75%
23.14 Massachusetts
75%
9.50 Michigan
75%
17.79 New Jersey
75%
−2.04 North Carolina
75%
2.98 Ohio
75%
12.09 Oregon
75%
5.38 Pennsylvania
75%
−48.04 Utah
75%
3.88 Virginia
75%
14.87 Washington
75%
6.94 Wisconsin
75%
−40.82 Wyoming
75%
−9.06 Arizona
67%
17.33 Connecticut
67%
7.69 Minnesota
67%
6.68 Nevada
67%
5.58 New Hampshire
67%
−13.99 Alaska
58%
16.87 Illinois
58%
−21.72 Kansas
58%
−22.69 Kentucky
58%
−9.38 Missouri
58%
10.15 New Mexico
58%
−10.47 South Carolina
58%
−26.76 West Virginia
58%
−22.19 Alabama
50%
−23.69 Arkansas
50%
−31.91 Idaho
50%
−10.20 Indiana
50%
−17.20 Louisiana
50%
15.29 Maine
50%
−13.65 Montana
50%
−21.77 Nebraska
50%
−33.54 Oklahoma
50%
−20.40 Tennessee
50%
−15.79 Texas
50%
−11.50 Mississippi
42%
−19.63 North Dakota
33%
−18.02 South Dakota
33%
No matching quizzes found
Score Distribution
Percent of People with Each Score
Percentile by Number Answered
Your Score History
You have not taken this quiz